00807 a2200397 4500000002100000001000700021005001700028008004100045010000500086020000500091082001600096100002100112110000500133245008200138250000500220260003800225300000700263490000700270500000500277600000500282610000500287611000500292630000500297650000500302651000500307654000500312700002600317700002300343710000900366711000500375720000500380730000500385740000500390752000500395856000900400BKB 07015820200902150802.0  a a a006.3bH12N1 aHagan, Martin T. a1 aNeural network designcby Martin T. Hagan, Howard B. Demuth and Mark H. Beale a aAustraliabCengage Learningc2010 avp av a a a a a a a a aDemuth, Howard B.bc aBeale, Mark H.bc abc a a a a a adf